000 01668cam a22004574i 4500
003 PE-LiUPU
005 20250731173440.0
008 150616s1979 sp r 000 0 spa d
020 _a8470572555
035 _a(Sirsi) i9788470572555
040 _aPE-LiUPU
_bspa
_cPE-LiUPU
_erda
049 _aPRUA
082 0 4 _a248.894
_bK94E
_221
100 1 _aKüng, Hans,
_d1928-,
_eautor.
_93781
245 1 0 _aExiste Dios /
_cHans, Küng.
264 1 _aMadrid :
_bEdiciones Cristiandad,
_c1979.
300 _a972 páginas ;
_c22 centímetros
336 _atext
_2rdacontent
337 _aunmediated
_2rdamedia
338 _avolume
_2rdacarrier
505 0 _aRazón o fe -- La nueva concepción de Dios -- El reto del ateísmo --El nihilismo, consecuencia del ateísmo -- Si a la realidad, alternativa al nihilismo -- Si a Dios, alternativa al ateísmo -- Si al Dios cristiano.
526 _aSEG42
526 _aSEG41
526 _aSEG40
526 _aSEG39
526 _aP94
526 _aP87
526 _aP86
526 _aP85
526 _aP77
526 _aP76
526 _aP35
650 0 4 _aExistencia en Dios.
910 _ajck
_bjvq
_cjck
942 _2ddc
_cBOOK
949 _a248.894 K94E
_wDEWEY
_c1
_i39374
_d2016-11-2
_e2016-10-31
_lCCODEBUL1
_mBUL
_n6
_r0
_sY
_tBOOK
_u2015-6-16
_xTEOLOGIA
_zUNKNOWN
_0COMPRA
_o.STAFF. Colección General
994 _aC0
_bPEPRU
596 _a1
999 _a248.894 K94E
_wDEWEY
_c56736
_i39374
_d56736
_e2017-6-28
_f2021-11-12
_g5
_lCCODEBUL1
_mBUL
_n8
_p12.00
_q1
_r0
_sY
_tBOOK
_u2015-6-16
_xTEOLOGIA
_PP35
_0COMPRA
_o.STAFF. Colección Teeología
980 _81
_gALBERTO SANCHEZ Responsable de Automatización